| 000 | 00877nmc a2200313 a 4500 | ||
|---|---|---|---|
| 003 | AR-BaBNM | ||
| 005 | 20251128210025.0 | ||
| 008 | 230120s1998 ||||||||||||||000 | spa|| | ||
| 020 | _a950-794-041-3 | ||
| 040 | _cAR-BaBNM | ||
| 100 | 1 | _aFraga, Rosendo | |
| 245 | 1 | 0 | _aRoca y la educación |
| 260 |
_aBuenos Aires _bCentro de Estudios Unión para la Nueva Mayoría _c1998 |
||
| 300 | 0 |
_a74 p. _btablas |
|
| 490 | 0 |
_aEstudios _vv. 36 |
|
| 600 | 1 | 4 |
_aRoca, Julio Argentino _d1880-86 |
| 600 | 1 | 4 |
_aRoca, Julio Argentino _d1898-1904 |
| 610 | 2 | 4 | _aIGLESIA CATOLICA |
| 650 | 4 | _aHISTORIA DE LA EDUCACION | |
| 650 | 4 | _aESTADO Y EDUCACION | |
| 650 | 4 | _aORGANIZACION DE LA EDUCACION | |
| 650 | 4 | _aIGLESIA CATOLICA | |
| 650 | 4 | _aGENERACION DE 1880 | |
| 651 | 4 | _aArgentina | |
| 653 | 0 | _aPROBLEMAS EDUCATIVOS | |
| 653 | 0 | _aLEY 1420 | |
| 942 | _cBK | ||
| 998 | _cMariana | ||
| 999 |
_c13755 _d13755 |
||